Mujer creativa: mil ideas de punto y costura (Registro nro. 160)
[ vista simple ]
| 000 -Cabecera | |
|---|---|
| Campo de control de longitud fija | 00972aam a2200397 4500 |
| 005 - Fecha y hora de la última transacción | |
| Campo de control | 20240604162437.0 |
| 008 - Elementos de longitud fija--Información general | |
| Campo de control de longitud fija | 150721b xxu||||| |||| 00| 0 spa d |
| 020 ## - International Standard Book Number | |
| Número Internacional Estándar del Libro (ISBN) | 9788449419638 |
| 041 ## - Idioma | |
| Código de idioma | Español |
| 082 ## - Clasificación Decimal Dewey | |
| Número de clasificación | 646.2 T785m |
| 100 ## - Entrada principal--Autor personal | |
| Nombre personal | Treccani, Eliana |
| 245 ## - Título propiamente dicho | |
| Título | Mujer creativa: mil ideas de punto y costura |
| 260 ## - Pie de imprenta | |
| Lugar de publicación, distribución, etc. | España |
| 260 ## - Pie de imprenta | |
| Nombre del editor, distribuidor, etc. | Editorial Océano |
| 260 ## - Pie de imprenta | |
| Fecha de publicación, distribución, etc. | 2010 |
| 300 ## - Descripción física | |
| Extensión | 510 páginas |
| 500 ## - Nota general | |
| Nota general | Contiene patrón multitalla de punto y costura |
| 650 ## - Materia general | |
| Temática (materia general) | COSTURA |
| 650 ## - Materia general | |
| Temática (materia general) | CORTE Y CONFECCIÓN |
| 650 ## - Materia general | |
| Temática (materia general) | MODELOS PARA MUJER |
| 650 ## - Materia general | |
| Temática (materia general) | MODELOS PARA BEBÉ |
| 650 ## - Materia general | |
| Temática (materia general) | SOMBREROS |
| 650 ## - Materia general | |
| Temática (materia general) | CORTINAS |
| 650 ## - Materia general | |
| Temática (materia general) | ALMOHADAS |
| 650 ## - Materia general | |
| Temática (materia general) | CESTAS REVESTIDAS |
| 650 ## - Materia general | |
| Temática (materia general) | BORDADO |
| 650 ## - Materia general | |
| Temática (materia general) | TEJIDO |
| 650 ## - Materia general | |
| Temática (materia general) | PATRONES |
| 650 ## - Materia general | |
| Temática (materia general) | PUNTOS BÁSICOS |
| 650 ## - Materia general | |
| Temática (materia general) | CENEFAS |
| 650 ## - Materia general | |
| Temática (materia general) | ESCOTES |
| 650 ## - Materia general | |
| Temática (materia general) | MONTAJE DE PIEZAS |
| 650 ## - Materia general | |
| Temática (materia general) | OJALES |
| 942 ## - Punto de acceso adicional KOHA | |
| Tipo de ítem KOHA | Libro |
| Fuente del sistema de clasificación o colocación | Dewey Decimal Classification |
| Signatura completa | Código de barras | Programa Académico | Tipo de ítem |
|---|---|---|---|
| 646.2 T785m | 3266 | Dirección de Educación Comunitaria y Asistencia Técnica | Libro |